000 01032nam0a22002771 4500
001 rc\4156895
005 20130415184449.9
021 _aRU
_b[51-29989]
035 _a(NLR Aleph) 008173760
090 _a7871108
_c7871108
100 _a20130415d1951 |||y0rusy50 ca
101 0 _arus
102 _aRU
105 _ay z |||||
200 1 _aЗаконодательство о планировании и финансовой деятельности колхозов
_fАкад. наук СССР. Ин-т права
210 _aМосква
_cИзд-во Акад. наук СССР
_d1951
215 _a64 с.
_d19
225 1 _aНаучно-популярная серия
606 _aКолхозы
_xПланирование
_2psbo
606 _aКолхозы
_xФинансовое хозяйство
_2psbo
700 1 _aРускол
_bА. А.
_f1898-1967
_gАлександр Абрамович
801 0 _aRU
_bNLR
_gpsbo
801 1 _aRU
_bELAR
_2rusmarc
852 _aNLR
_jЭк50 Г-4/1978
942 _cBOOK
980 _aNB